[Event "PRO League Group Stage"]
[Site "chess.com INT"]
[Date "2020.02.12"]
[Round "6"]
[White "Sargsyan, Shant"]
[Black "Livaic, Leon"]
[Result "1-0"]
[WhiteTitle "GM"]
[BlackTitle "IM"]
[WhiteElo "2601"]
[BlackElo "2495"]
[WhiteTeam "Armenia Eagles"]
[BlackTeam "Croatia Bulldogs"]
[WhiteFideId "13306766"]
[BlackFideId "14531534"]
[EventDate "2020.01.06"]

1. e4 e6 2. d4 d5 3. e5 c5 4. c3 Nc6 5. Nf3 Bd7 6. Be2 Nge7 7. Na3 cxd4 8. cxd4
Nf5 9. Nc2 Nb4 10. Ne3 Nxe3 11. Bxe3 Rc8 12. O-O Nc2 13. Bg5 Qb6 14. Rb1 h6 15.
Bf4 g5 16. Be3 g4 17. Ne1 Nxe3 18. fxe3 h5 19. Nd3 Bh6 20. Nf4 Ke7 21. Qd2 Bg5
22. e4 Bxf4 23. Qxf4 Qxd4+ 24. Kh1 Rhf8 25. Qg5+ Ke8 26. exd5 Qxd5 27. Rbd1 Qe4
28. Bd3 Qb4 29. Rf4 Qxb2 30. Bg6 Qa3 31. Bxf7+ Rxf7 32. Rxf7 Kxf7 33. Rf1+ 1-0

[Event "PRO League Group Stage"]
[Site "chess.com INT"]
[Date "2020.02.12"]
[Round "6"]
[White "Eljanov, Pavel"]
[Black "Banusz, Tamas"]
[Result "0-1"]
[WhiteTitle "GM"]
[BlackTitle "GM"]
[WhiteElo "2650"]
[BlackElo "2620"]
[WhiteTeam "Israel Counsellors"]
[BlackTeam "Hungary Hunters"]
[WhiteFideId "14102951"]
[BlackFideId "722413"]
[EventDate "2020.01.06"]

1. Nf3 d5 2. c4 c6 3. g3 Nf6 4. Bg2 dxc4 5. O-O Nbd7 6. Na3 Nb6 7. Ne5 h5 8.
Naxc4 Nxc4 9. Nxc4 h4 10. d3 hxg3 11. hxg3 Bh3 12. Bxh3 Rxh3 13. Kg2 Rh5 14. Rh1
Rxh1 15. Qxh1 g5 16. Kf1 g4 17. Qh8 Qd5 18. Ne3 Qe6 19. Bd2 O-O-O 20. a4 Nd5 21.
Nxd5 Qxd5 22. Kg1 e6 23. Qf6 Qh5 24. Bc3 Rd5 25. a5 Bc5 26. Qh8+ Qxh8 27. Bxh8
Bd4 28. Bxd4 Rxd4 29. Rc1 Rb4 30. Rc2 Kc7 31. Kf1 f5 32. f3 Ra4 33. fxg4 Rxg4
34. Kf2 Ra4 35. Kf3 Rxa5 36. e4 Kd6 37. Kf4 Rb5 38. d4 fxe4 39. Kxe4 Rb4 0-1

[Event "PRO League Group Stage"]
[Site "chess.com INT"]
[Date "2020.02.12"]
[Round "6"]
[White "Rodshtein, Maxim"]
[Black "Predojevic, Borki"]
[Result "1/2-1/2"]
[WhiteTitle "GM"]
[BlackTitle "GM"]
[WhiteElo "2628"]
[BlackElo "2609"]
[WhiteTeam "Israel Counsellors"]
[BlackTeam "Hungary Hunters"]
[WhiteFideId "2806851"]
[BlackFideId "930849"]
[EventDate "2020.01.06"]

1. c4 e5 2. g3 c6 3. d4 e4 4. d5 Bb4+ 5. Bd2 Qe7 6. e3 Nf6 7. Bxb4 Qxb4+ 8. Qd2
Na6 9. a3 Qxd2+ 10. Nxd2 Nc5 11. b4 Na4 12. Bg2 cxd5 13. cxd5 a5 14. bxa5 Rxa5
15. Nxe4 Nxe4 16. Bxe4 d6 17. Ne2 Ke7 18. Kd2 Nc5 19. Bc2 Bd7 20. Nc3 Rha8 21.
a4 Bxa4 22. Nxa4 Nxa4 23. Rxa4 Rxa4 24. Bxa4 Rxa4 25. Rb1 Ra2+ 26. Ke1 Ra7 1/2-1/2

[Event "PRO League Group Stage"]
[Site "chess.com INT"]
[Date "2020.02.12"]
[Round "6"]
[White "Mihok, Oliver"]
[Black "Fridman, Daniel"]
[Result "0-1"]
[WhiteTitle "GM"]
[BlackTitle "GM"]
[WhiteElo "2562"]
[BlackElo "2622"]
[WhiteTeam "Hungary Hunters"]
[BlackTeam "Israel Counsellors"]
[WhiteFideId "728012"]
[BlackFideId "11600454"]
[EventDate "2020.01.06"]

1. e4 e5 2. Nf3 Nf6 3. d4 Nxe4 4. Bd3 d5 5. Nxe5 Nd7 6. Nxd7 Bxd7 7. O-O Bd6 8.
Qh5 O-O 9. Qxd5 Bc6 10. Qh5 g6 11. Qh3 Re8 12. Nc3 Ng5 13. Qg4 h6 14. Bf4 Bxf4
15. Qxf4 Ne6 16. Qxh6 Qxd4 17. Rad1 Qb4 18. Qc1 Kg7 19. a3 Qh4 20. Qe3 Bxg2 21.
Rfe1 Ng5 22. Qg3 Nf3+ 23. Kxg2 Nxe1+ 24. Kf1 Qxg3 25. hxg3 Nxd3 26. Rxd3 Rad8
27. Rxd8 Rxd8 28. Ke2 Kf6 29. Ke3 Ke6 30. Ne4 b6 31. Ng5+ Ke7 32. Ke2 f6 33. Ne4
Ke6 34. Nc3 c6 35. Ne4 Ke5 36. Nd2 g5 37. Nc4+ Ke6 38. Ne3 f5 39. f4 gxf4 40.
gxf4 Rd4 41. Kf3 Rd2 42. a4 a5 43. b3 b5 44. Kg3 bxa4 45. bxa4 Rd4 46. c4 Rd3 0-1

[Event "PRO League Group Stage"]
[Site "chess.com INT"]
[Date "2020.02.12"]
[Round "6"]
[White "Kozak, Adam"]
[Black "Postny, Evgeny"]
[Result "1-0"]
[WhiteTitle "IM"]
[BlackTitle "GM"]
[WhiteElo "2523"]
[BlackElo "2608"]
[WhiteTeam "Hungary Hunters"]
[BlackTeam "Israel Counsellors"]
[WhiteFideId "753246"]
[BlackFideId "2804344"]
[EventDate "2020.01.06"]

1. Nf3 d5 2. g3 Nf6 3. Bg2 e6 4. O-O b6 5. c4 Bb7 6. d4 Be7 7. Nc3 dxc4 8. Qa4+
c6 9. Qxc4 O-O 10. Bg5 Nbd7 11. Rfd1 Nd5 12. Bxe7 Qxe7 13. Nxd5 exd5 14. Qc2
Rac8 15. e3 c5 16. dxc5 bxc5 17. Rac1 Nb6 18. Ne1 d4 19. Bxb7 Qxb7 20. exd4 cxd4
21. Qd3 Rcd8 22. Nf3 Qd5 23. b3 Rd7 24. Re1 Qa5 25. Rc2 h6 26. Re4 Rfd8 27. Re5
Qb4 28. Rce2 g6 29. Re8+ Kg7 30. Rxd8 Rxd8 31. Rd2 a5 32. Nxd4 Rd5 33. Qe3 a4
34. Rd3 axb3 35. axb3 Qd6 36. Rd2 Qc5 37. Rd3 Qd6 38. Qd2 Kh7 39. Qc3 Nd7 40.
Rd2 Ne5 41. Kg2 Rc5 42. Qe3 Qd5+ 43. f3 Qa8 44. Re2 Ra5 45. Qf4 Qd5 46. b4 Ra2
47. Rxa2 Qxa2+ 48. Kh3 Nd3 49. Qf6 Nf2+ 50. Kh4 Qd5 51. g4 Nd3 52. Kg3 Nc1 53.
Kg2 Qa2+ 54. Kg3 Qd5 55. Kg2 Qa2+ 56. Kh3 Nd3 57. b5 Qd5 58. b6 Kg8 59. Kg3 Ne1
60. Ne2 Nd3 61. Qd4 Qb5 62. b7 Ne1 63. Qd8+ Kg7 64. b8=Q Qxe2 65. Qh8# 1-0

[Event "PRO League Group Stage"]
[Site "chess.com INT"]
[Date "2020.02.12"]
[Round "6"]
[White "Yilmaz, Mustafa"]
[Black "Yu, Yangyi"]
[Result "1-0"]
[WhiteTitle "GM"]
[BlackTitle "GM"]
[WhiteElo "2607"]
[BlackElo "2726"]
[WhiteTeam "Turkey Knights"]
[BlackTeam "China Pandas"]
[WhiteFideId "6302718"]
[BlackFideId "8603820"]
[EventDate "2020.01.06"]

1. c4 c6 2. Nf3 d5 3. e3 Nf6 4. Nc3 Nbd7 5. d4 e6 6. Qc2 Bd6 7. Bd3 O-O 8. O-O
e5 9. cxd5 cxd5 10. e4 exd4 11. Nxd5 Nxd5 12. exd5 h6 13. Nxd4 Qh4 14. f4 Nf6
15. Nb5 Rd8 16. Nxd6 Rxd6 17. b3 Rxd5 18. Bb2 Bg4 19. Bc4 Rc8 20. Qf2 Qxf2+ 21.
Rxf2 Rd7 22. Re1 Bf5 23. h3 Bd3 24. Bxd3 Rxd3 25. Re7 Nd7 26. Rfe2 a5 27. Kf2 f6
28. R7e3 Rd5 29. g4 Nc5 30. Kf3 Nd3 31. Ba3 b5 32. Re8+ Rxe8 33. Rxe8+ Kh7 34.
Bf8 Rd7 35. Ra8 Rf7 36. Ke3 Nc1 37. Ba3 Nxa2 38. Rxa5 Nc3 39. Bc5 f5 40. gxf5
Rxf5 41. Bd4 Nd5+ 42. Ke4 Kg6 43. Be5 Nf6+ 44. Kf3 Rh5 45. Kg2 b4 46. Ra7 Rf5
47. Rb7 Kh5 48. Rxg7 Ne4 49. Rb7 Nc5 50. Rxb4 Nd3 51. Re4 Nc5 52. Re3 Rf7 53. b4
Ne6 54. Kf3 Rb7 55. Rb3 Kg6 56. b5 Rb6 57. Kg4 h5+ 58. Kh4 Kf5 59. Kxh5 Nc5 60.
Rg3 Rxb5 61. Rg5+ 1-0

[Event "PRO League Group Stage"]
[Site "chess.com INT"]
[Date "2020.02.12"]
[Round "6"]
[White "Ponkratov, Pavel"]
[Black "Mamedyarov, Shakhriyar"]
[Result "0-1"]
[WhiteTitle "GM"]
[BlackTitle "GM"]
[WhiteElo "2622"]
[BlackElo "2770"]
[WhiteTeam "Russia Wizards"]
[BlackTeam "India Yogis"]
[WhiteFideId "4157800"]
[BlackFideId "13401319"]
[EventDate "2020.01.06"]

1. c4 Nf6 2. b3 e5 3. Bb2 Nc6 4. e3 g6 5. Nc3 Bg7 6. g4 d6 7. h3 Be6 8. Bg2 Qd7
9. Nge2 O-O-O 10. d4 exd4 11. Nxd4 d5 12. g5 Nh5 13. Nxd5 Bxd5 14. cxd5 Nb4 15.
Bf3 Kb8 16. Rc1 Nxd5 17. Qc2 Rhe8 18. Qc5 Nhf4 19. Kf1 Nd3 20. Qc4 Nxb2 21. Qc2
Bxd4 22. exd4 Nb4 23. Qxb2 Nd3 24. Qd2 Nxc1 25. Qxc1 Qxd4 26. Kg2 c6 27. h4 f6
28. b4 Qd2 29. Qc5 Qd6 30. Qc4 Rf8 31. b5 fxg5 32. bxc6 Rxf3 33. Kxf3 Qxc6+ 34.
Qxc6 bxc6 35. hxg5 Rd7 36. Ke4 Kc7 37. Rc1 Re7+ 38. Kd4 Kd6 39. f4 Rf7 40. Ke4
c5 41. a4 Re7+ 42. Kd3 Kd5 43. Rc2 Rf7 44. Ke3 c4 45. Rd2+ Kc5 46. Rd8 Kb4 47.
Rc8 a5 48. Rc6 c3 49. Kd3 Rd7+ 50. Kc2 Rd2+ 51. Kc1 Rf2 52. Rc7 Rxf4 53. Rxh7
Rg4 0-1

[Event "PRO League Group Stage"]
[Site "chess.com INT"]
[Date "2020.02.12"]
[Round "6"]
[White "Demidov, Mikhail"]
[Black "Narayanan, S.L."]
[Result "0-1"]
[WhiteTitle "IM"]
[BlackTitle "GM"]
[WhiteElo "2552"]
[BlackElo "2637"]
[WhiteTeam "Russia Wizards"]
[BlackTeam "India Yogis"]
[WhiteFideId "4197143"]
[BlackFideId "5058422"]
[EventDate "2020.01.06"]

1. d4 Nf6 2. Bg5 d5 3. Nf3 c5 4. c3 Ne4 5. Bf4 cxd4 6. cxd4 Nc6 7. Nc3 Nxc3 8.
bxc3 g6 9. e3 Bg7 10. Be2 O-O 11. O-O Bg4 12. h3 Bxf3 13. Bxf3 e6 14. c4 dxc4
15. Bxc6 bxc6 16. Qa4 c5 17. Qxc4 cxd4 18. Rad1 e5 19. Bg3 Rc8 20. Qa6 Qd7 21.
exd4 exd4 22. Rd3 Rc6 23. Qa4 a6 24. Rfd1 h5 25. f3 Rfc8 26. Bf2 Rd6 27. Qxd7
Rxd7 28. Kf1 Rc2 29. Bxd4 Rxa2 30. Bxg7 Rxd3 31. Rxd3 Kxg7 32. Rd6 a5 33. Ra6 h4
34. Rc6 a4 35. Rc4 a3 36. Ra4 g5 37. Ra6 f6 38. Kg1 Kg6 39. Ra5 Kf7 40. Ra6 Ke7
41. Kh2 Kd7 42. Rxf6 Rb2 43. Ra6 a2 44. Ra8 Kc6 45. Rc8+ Kd5 46. Ra8 Kc4 47. Ra3
Kb4 48. Ra8 Kb3 49. Ra5 Rb1 50. g3 a1=Q 51. Rxa1 Rxa1 52. f4 gxf4 53. gxf4 Ra2+ 0-1

[Event "PRO League Group Stage"]
[Site "chess.com INT"]
[Date "2020.02.12"]
[Round "6"]
[White "Karthikeyan, Murali"]
[Black "Andreikin, Dmitry"]
[Result "0-1"]
[WhiteTitle "GM"]
[BlackTitle "GM"]
[WhiteElo "2606"]
[BlackElo "2726"]
[WhiteTeam "India Yogis"]
[BlackTeam "Russia Wizards"]
[WhiteFideId "5074452"]
[BlackFideId "4158814"]
[EventDate "2020.01.06"]

1. e4 e5 2. Nf3 Nc6 3. Bb5 Nf6 4. O-O Nxe4 5. d4 Nd6 6. Bxc6 dxc6 7. dxe5 Nf5 8.
Qxd8+ Kxd8 9. Rd1+ Ke8 10. Nc3 Be7 11. h3 h5 12. Bf4 Nh4 13. Nd4 g5 14. Bg3 Nf5
15. Ne4 h4 16. Bh2 Kf8 17. Nf6 Kg7 18. Nf3 Kg6 19. Re1 Be6 20. Re4 Ng7 21. Nd4
Rad8 22. Rae1 Bc5 23. Nxe6 Nxe6 24. c3 Rd2 25. R4e2 Rhd8 26. Kf1 Kf5 27. g4+
hxg3 28. fxg3 Be7 29. Ne4 Rxe2 30. Rxe2 Rd1+ 31. Kg2 b5 32. Nf2 Ra1 33. a3 c5
34. Kf3 b4 35. g4+ Kg6 36. Ne4 bxc3 37. bxc3 Rxa3 38. Rd2 c4 39. Kg2 a5 40. Rd7
Ra2+ 41. Kh1 Bf8 42. Nd2 Ra1+ 43. Kg2 Rd1 0-1

[Event "PRO League Group Stage"]
[Site "chess.com INT"]
[Date "2020.02.12"]
[Round "6"]
[White "Gupta, Abhijeet"]
[Black "Nepomniachtchi, Ian"]
[Result "0-1"]
[WhiteTitle "GM"]
[BlackTitle "GM"]
[WhiteElo "2603"]
[BlackElo "2774"]
[WhiteTeam "India Yogis"]
[BlackTeam "Russia Wizards"]
[WhiteFideId "5010608"]
[BlackFideId "4168119"]
[EventDate "2020.01.06"]

1. d4 Nf6 2. c4 g6 3. Nc3 d5 4. Nf3 Bg7 5. cxd5 Nxd5 6. e4 Nxc3 7. bxc3 c5 8.
Bb5+ Nd7 9. O-O O-O 10. Qe2 a6 11. Bd3 b5 12. Bg5 Nb6 13. Rad1 Na4 14. Rc1 Bg4
15. e5 Rc8 16. h3 Bxf3 17. Qxf3 Qd7 18. Be4 e6 19. Rcd1 cxd4 20. cxd4 Nc3 21.
Rd2 Nxe4 22. Qxe4 Rc4 23. Rfd1 Rfc8 24. Qf4 b4 25. h4 a5 26. h5 a4 27. Bf6 Bf8
28. Rd3 Rc3 29. hxg6 fxg6 30. d5 Rxd3 31. Rxd3 exd5 32. Re3 Qe6 33. Rf3 b3 34.
axb3 a3 35. Qd2 d4 36. Kh2 Ra8 37. Qa2 Bb4 38. Rf4 Bc3 39. Rf3 Bb2 40. Rg3 Rc8
41. f4 Rc1 42. f5 Qd5 43. e6 Ra1 44. e7 Kf7 45. fxg6+ hxg6 46. Rh3 Rxa2 47. Rh7+
Kxf6 0-1

[Event "PRO League Group Stage"]
[Site "chess.com INT"]
[Date "2020.02.12"]
[Round "6"]
[White "Mamedyarov, Shakhriyar"]
[Black "Demidov, Mikhail"]
[Result "1-0"]
[WhiteTitle "GM"]
[BlackTitle "IM"]
[WhiteElo "2770"]
[BlackElo "2552"]
[WhiteTeam "India Yogis"]
[BlackTeam "Russia Wizards"]
[WhiteFideId "13401319"]
[BlackFideId "4197143"]
[EventDate "2020.01.06"]

1. d4 e6 2. Nf3 Nf6 3. c4 Bb4+ 4. Nc3 Bxc3+ 5. bxc3 d6 6. a4 Qe7 7. g3 O-O 8.
Bg2 Nc6 9. a5 Rb8 10. O-O b6 11. axb6 axb6 12. Re1 Na5 13. e4 e5 14. c5 Rd8 15.
cxb6 cxb6 16. Nh4 h6 17. h3 Qc7 18. Re3 Nc4 19. Rd3 Bb7 20. d5 Ra8 21. Rb1 Bc8
22. g4 Nh7 23. Nf5 Bxf5 24. gxf5 Nf6 25. Rg3 Kf8 26. Qb3 Rdb8 27. Rd3 b5 28. Rd1
Qc5 29. Re1 Kg8 30. Bf1 Kh7 31. Qb4 Qc7 32. Qb3 Qc5 33. Kg2 Qc7 34. Bd3 Nd7 35.
Qd1 Nf6 36. Qe2 Qc8 37. Kh2 Kg8 38. f4 exf4 39. Bxf4 Ne5 40. Bxe5 dxe5 41. Bxb5
Qxc3 42. d6 Qd4 43. Rbd1 Qb4 44. d7 Kh7 45. Bc6 Ra6 46. Qxa6 Qc3 47. Qd3 Qxc6
48. d8=Q Rxd8 49. Qxd8 Qc2+ 50. Qd2 Qb3 51. Qe3 Qc2+ 52. Qe2 Qc3 53. Rg1 Qa3 54.
Rg3 Qa4 55. Rdg1 Ne8 56. Qd3 Qc6 57. Qe2 Qa4 58. Rxg7+ Nxg7 59. Qg4 1-0

[Event "PRO League Group Stage"]
[Site "chess.com INT"]
[Date "2020.02.12"]
[Round "6"]
[White "Narayanan, S.L."]
[Black "Ponkratov, Pavel"]
[Result "0-1"]
[WhiteTitle "GM"]
[BlackTitle "GM"]
[WhiteElo "2637"]
[BlackElo "2622"]
[WhiteTeam "India Yogis"]
[BlackTeam "Russia Wizards"]
[WhiteFideId "5058422"]
[BlackFideId "4157800"]
[EventDate "2020.01.06"]

1. Nf3 Nf6 2. c4 a6 3. Nc3 c5 4. g3 b6 5. Bg2 Bb7 6. O-O e6 7. d4 cxd4 8. Qxd4
d6 9. Bg5 Nbd7 10. Rfd1 Be7 11. Nd2 Bxg2 12. Kxg2 Rc8 13. Nde4 Rc6 14. Nxf6+
Nxf6 15. Ne4 O-O 16. Bxf6 Bxf6 17. Nxf6+ Qxf6 18. Qxf6 gxf6 19. b3 Rfc8 20. Rd4
Kf8 21. Rh4 Kg7 22. Rd1 b5 23. cxb5 axb5 24. Rb4 Rb8 25. a4 d5 26. Rdd4 Rcb6 27.
e4 dxe4 28. Rxe4 f5 29. Red4 bxa4 30. Rxb6 Rxb6 31. bxa4 Rb2 32. g4 e5 33. Rd5
Kf6 34. gxf5 Kxf5 35. a5 Ra2 36. Rd7 Ke6 37. Ra7 h5 38. Ra8 Kf5 39. a6 Kf4 40.
a7 Ra3 41. Rh8 Rxa7 42. Rxh5 f5 43. Rh4+ Kg5 44. Rb4 e4 45. Rb3 Kf4 46. Rc3 Ra2
47. Rb3 Re2 48. Rc3 Kg5 49. Rg3+ Kf6 50. Ra3 f4 51. Ra5 e3 0-1

[Event "PRO League Group Stage"]
[Site "chess.com INT"]
[Date "2020.02.12"]
[Round "6"]
[White "Nepomniachtchi, Ian"]
[Black "Karthikeyan, Murali"]
[Result "1-0"]
[WhiteTitle "GM"]
[BlackTitle "GM"]
[WhiteElo "2774"]
[BlackElo "2606"]
[WhiteTeam "Russia Wizards"]
[BlackTeam "India Yogis"]
[WhiteFideId "4168119"]
[BlackFideId "5074452"]
[EventDate "2020.01.06"]

1. e4 e5 2. Nf3 Nc6 3. Bb5 Nf6 4. d3 Bc5 5. Nbd2 O-O 6. Nb3 Bb6 7. a4 a6 8. Bxc6
bxc6 9. a5 Ba7 10. Nxe5 Re8 11. Bf4 Bb7 12. O-O d5 13. exd5 cxd5 14. d4 Ne4 15.
Nd3 Bc6 16. Re1 Bb5 17. f3 Nd6 18. Rxe8+ Qxe8 19. Nbc5 Qc8 20. b3 Nb7 21. Kh1
Bxc5 22. dxc5 Qf5 23. c6 Nd8 24. Bxc7 Nxc6 25. Nc5 Rc8 26. Bb6 h5 27. h3 Re8 28.
Rc1 Ne5 29. Bc7 Ng6 30. c4 dxc4 31. Ne4 cxb3 32. Nd6 Qd3 33. Nxe8 b2 34. Rb1
Qxd1+ 35. Rxd1 Bd3 36. Kg1 b1=Q 37. Rxb1 Bxb1 38. Bd6 Bd3 39. Kf2 f6 40. Nc7 Kf7
41. Ke3 Bf1 42. g3 Ne7 43. Bxe7 Kxe7 44. h4 Kd7 45. Nd5 Kd6 46. Nf4 g5 47. Nxh5
Ke6 48. Ng7+ Kf7 49. Nf5 gxh4 50. gxh4 Kg6 51. Ng3 Bb5 52. Kd4 Bc6 53. f4 Bb5
54. Kc5 Bd3 55. Kd6 Kf7 56. h5 Bc2 57. f5 Kg7 58. Ke6 Bb3+ 59. Ke7 Bc2 60. h6+
Kxh6 61. Kxf6 Bd3 62. Ke7 Kg5 63. f6 Bc4 64. Ne4+ Kf4 65. Nc5 1-0

[Event "PRO League Group Stage"]
[Site "chess.com INT"]
[Date "2020.02.12"]
[Round "6"]
[White "Andreikin, Dmitry"]
[Black "Gupta, Abhijeet"]
[Result "1-0"]
[WhiteTitle "GM"]
[BlackTitle "GM"]
[WhiteElo "2726"]
[BlackElo "2603"]
[WhiteTeam "Russia Wizards"]
[BlackTeam "India Yogis"]
[WhiteFideId "4158814"]
[BlackFideId "5010608"]
[EventDate "2020.01.06"]

1. c3 Nf6 2. Nf3 g6 3. d4 Bg7 4. Bg5 O-O 5. Nbd2 d6 6. e4 c5 7. Bd3 h6 8. Bh4
Nh5 9. O-O g5 10. Nxg5 Nf4 11. Bc2 hxg5 12. Bxg5 Ne6 13. Nf3 cxd4 14. cxd4 Qb6
15. e5 dxe5 16. dxe5 Nc6 17. Qd3 Nxg5 18. Nxg5 Rd8 19. Qh7+ Kf8 20. Rae1 Nd4 21.
Re3 Qh6 22. f4 Qxh7 23. Bxh7 Bf5 24. Bxf5 Nxf5 25. Rb3 Rac8 26. Rxb7 Rd2 27. Ne4
Rd4 28. Ng3 Ne3 29. Re1 Rxf4 30. Nh5 Rf5 31. Nxg7 Kxg7 32. Rxe7 Rc2 33. Kh1 Re2
34. Rg1 Ng4 35. h3 Nxe5 36. Rxa7 Rxb2 37. Re1 Ng6 38. Ra3 Rff2 39. Rg3 Rxa2 40.
Kh2 Kf8 41. Rg4 Nf4 42. Kg3 Nd3 43. Rg1 Ne5 44. Rf4 Rfe2 45. Rf5 Kg7 46. Kh4 f6
47. Rgf1 Ng6+ 48. Kh5 Re4 49. g4 Re5 50. g5 1-0

[Event "PRO League Group Stage"]
[Site "chess.com INT"]
[Date "2020.02.12"]
[Round "6"]
[White "Nepomniachtchi, Ian"]
[Black "Narayanan, S.L."]
[Result "1-0"]
[WhiteTitle "GM"]
[BlackTitle "GM"]
[WhiteElo "2774"]
[BlackElo "2637"]
[WhiteTeam "Russia Wizards"]
[BlackTeam "India Yogis"]
[WhiteFideId "4168119"]
[BlackFideId "5058422"]
[EventDate "2020.01.06"]

1. e4 e5 2. Nf3 Nc6 3. Bb5 Nf6 4. d3 Bc5 5. Nbd2 O-O 6. Nb3 Bb6 7. a4 Na5 8.
Nxa5 Bxa5+ 9. c3 c6 10. Bc4 d5 11. exd5 cxd5 12. Ba2 Re8 13. O-O h6 14. h3 Bc7
15. Re1 Bf5 16. d4 e4 17. Ne5 Nd7 18. Nxf7 Kxf7 19. Qh5+ g6 20. Bxd5+ Re6 21.
Qxh6 Nf6 22. Bxe6+ Bxe6 23. Bf4 Bxf4 24. Qxf4 Qd5 25. f3 exf3 26. Re5 Qc6 27.
Rc5 g5 28. Rxg5 fxg2 29. Rc5 Qe4 30. Rc7+ Kg6 31. Qg3+ Bg4 32. Re1 Qf3 33. Qxg2
Qxh3 34. Qxh3 Bxh3 35. Rxb7 Rf8 36. Rxa7 Ng4 37. Rae7 Rf3 38. R7e2 Kg5 39. a5
Rf6 40. b4 Kh4 41. b5 Rf3 42. b6 Rg3+ 43. Kh1 Rxc3 44. b7 Rb3 45. a6 Kg3 46.
Rg1+ Kf3 47. a7 Kxe2 48. b8=Q Nf2+ 49. Kh2 Bg2 50. Qxb3 1-0

[Event "PRO League Group Stage"]
[Site "chess.com INT"]
[Date "2020.02.12"]
[Round "6"]
[White "Gupta, Abhijeet"]
[Black "Demidov, Mikhail"]
[Result "1/2-1/2"]
[WhiteTitle "GM"]
[BlackTitle "IM"]
[WhiteElo "2603"]
[BlackElo "2552"]
[WhiteTeam "India Yogis"]
[BlackTeam "Russia Wizards"]
[WhiteFideId "5010608"]
[BlackFideId "4197143"]
[EventDate "2020.01.06"]

1. d4 e6 2. Nf3 Nf6 3. c4 Bb4+ 4. Nbd2 O-O 5. g3 d6 6. Bg2 Qe7 7. O-O Bxd2 8.
Bxd2 e5 9. Rc1 Re8 10. Qa4 Nbd7 11. Qa3 Ne4 12. Be3 exd4 13. Bxd4 Ndf6 14. b3
Bd7 15. Rfd1 a6 16. Qb2 Rad8 17. Rd3 c5 18. Bxf6 Nxf6 19. Rcd1 Bf5 20. Re3 Qc7
21. Rxe8+ Rxe8 22. Nh4 Be6 23. Qd2 Rd8 24. e4 Rd7 25. f4 Rd8 26. e5 Ne8 27. f5
Bc8 28. Bd5 Qe7 29. f6 Qxe5 30. Re1 Qd4+ 31. Qxd4 cxd4 32. fxg7 Nf6 33. Bf3 d5
34. cxd5 Kxg7 35. Rd1 Nxd5 36. Rxd4 Be6 37. Kf2 Kf6 38. Ng2 Ke5 39. Re4+ Kf6 40.
Rd4 Ke5 41. Re4+ Kf6 42. Nf4 Nc3 43. Rb4 b5 44. Nxe6 fxe6 45. Rf4+ Ke5 46. Ke3
Nxa2 47. Re4+ Kf6 48. Rf4+ Ke5 49. Re4+ Kf6 50. Rf4+ Kg7 51. Rg4+ Kf7 52. Rh4
Kg7 53. Be4 Rh8 54. Rg4+ Kf6 55. Rf4+ Ke7 56. Rh4 h6 57. Rh5 Nc3 58. Bf3 Kf6 59.
Rc5 b4 60. Ra5 Rd8 61. Rxa6 Nd5+ 62. Bxd5 Rxd5 63. Rb6 Re5+ 64. Kf3 Rf5+ 65. Kg2
Rd5 66. Rxb4 Rd2+ 67. Kh3 h5 68. Rb8 e5 69. b4 e4 70. b5 e3 71. Re8 Rb2 72. Rxe3
Rxb5 73. Kh4 Ra5 74. Rb3 Rc5 75. Rb6+ Kg7 76. Re6 Ra5 77. Re2 Kg6 78. Re6+ Kg7
79. Re4 Kg6 80. Rc4 Rb5 81. Rc2 Rb4+ 82. Kh3 Ra4 83. Rc6+ Kg7 84. Re6 Rb4 85.
Re2 Kg6 86. Rf2 Kg5 87. Rf8 Kg6 88. Rf4 Rb2 89. Ra4 Rc2 90. Ra6+ Kg7 91. Rb6 Ra2 1/2-1/2

[Event "PRO League Group Stage"]
[Site "chess.com INT"]
[Date "2020.02.12"]
[Round "6"]
[White "Karthikeyan, Murali"]
[Black "Ponkratov, Pavel"]
[Result "1/2-1/2"]
[WhiteTitle "GM"]
[BlackTitle "GM"]
[WhiteElo "2606"]
[BlackElo "2622"]
[WhiteTeam "India Yogis"]
[BlackTeam "Russia Wizards"]
[WhiteFideId "5074452"]
[BlackFideId "4157800"]
[EventDate "2020.01.06"]

1. e4 c5 2. Nf3 b6 3. d4 cxd4 4. Nxd4 Bb7 5. Nc3 a6 6. a4 e6 7. Bd3 Qc7 8. O-O
Nf6 9. Be3 Bc5 10. Qe2 h5 11. h3 g5 12. Nb3 Be7 13. f4 g4 14. e5 Nd5 15. Nxd5
Bxd5 16. c4 Bb7 17. hxg4 hxg4 18. a5 bxa5 19. Nxa5 Nc6 20. Nxb7 Qxb7 21. Qxg4
Qxb2 22. Be4 Qc3 23. Qf3 Nd4 24. Qf2 Bc5 25. Rfe1 Rb8 26. Rac1 Qb2 27. Rb1 Qxf2+
28. Kxf2 Ke7 29. Bb7 f6 30. exf6+ Kxf6 31. Bxa6 Ra8 32. Rbd1 Nb3 33. Bb5 d6 34.
Bxc5 dxc5 35. Bd7 Nd4 36. Rd2 Rh7 37. Bb5 Rg8 38. Re3 Rh4 39. Re4 Rhg4 40. Kf1
Nf5 41. Kg1 Nh4 42. Rde2 Rxg2+ 43. Kf1 Rg1+ 44. Kf2 R8g2+ 45. Ke3 Rg3+ 46. Kf2
Nf5 47. Rxe6+ Kg7 48. R2e5 R3g2+ 49. Kf3 Nd4+ 50. Ke4 Nxe6 51. Rxe6 Re1+ 52. Kf5
Rxe6 53. Kxe6 Rd2 54. f5 Rf2 55. Kd6 Rxf5 56. Bc6 Kf6 57. Bd5 Rf4 58. Kxc5 Rxc4+
59. Kxc4 1/2-1/2

[Event "PRO League Group Stage"]
[Site "chess.com INT"]
[Date "2020.02.12"]
[Round "6"]
[White "Andreikin, Dmitry"]
[Black "Mamedyarov, Shakhriyar"]
[Result "1/2-1/2"]
[WhiteTitle "GM"]
[BlackTitle "GM"]
[WhiteElo "2726"]
[BlackElo "2770"]
[WhiteTeam "Russia Wizards"]
[BlackTeam "India Yogis"]
[WhiteFideId "4158814"]
[BlackFideId "13401319"]
[EventDate "2020.01.06"]

1. c3 Nf6 2. Nf3 g6 3. d4 Bg7 4. Bg5 O-O 5. Nbd2 d5 6. e3 Nbd7 7. Be2 Re8 8. O-O
e5 9. Bh4 c6 10. Rc1 h6 11. Bg3 exd4 12. exd4 Nh5 13. Bd6 Qf6 14. Ba3 Nf4 15.
Re1 Nf8 16. Bf1 Bg4 17. Qb3 b5 18. Ne5 Bf5 19. Re3 Nd7 20. Ndf3 Nb6 21. Rce1 Re6
22. g3 Nh3+ 23. Kg2 Nc4 24. Bxc4 dxc4 25. Qd1 g5 26. Nd2 g4 27. f3 h5 28. Ne4
Bxe4 29. Rxe4 Rae8 30. fxg4 Nf2 31. Nd7 Nxd1 32. Nxf6+ Bxf6 33. Rxe6 Rxe6 34.
Rxd1 hxg4 35. d5 cxd5 36. Rxd5 a6 37. h3 gxh3+ 38. Kxh3 Kg7 39. Kg4 Kg6 40. Kf3
Be5 41. Bc5 f6 42. Bf2 Re8 43. Bd4 Bxd4 44. Rxd4 Re1 45. a4 Rf1+ 46. Ke3 Re1+
47. Kf3 Rf1+ 48. Ke3 Re1+ 49. Kf3 1/2-1/2

[Event "PRO League Group Stage"]
[Site "chess.com INT"]
[Date "2020.02.12"]
[Round "6"]
[White "Mamedyarov, Shakhriyar"]
[Black "Nepomniachtchi, Ian"]
[Result "0-1"]
[WhiteTitle "GM"]
[BlackTitle "GM"]
[WhiteElo "2770"]
[BlackElo "2774"]
[WhiteTeam "India Yogis"]
[BlackTeam "Russia Wizards"]
[WhiteFideId "13401319"]
[BlackFideId "4168119"]
[EventDate "2020.01.06"]

1. Nf3 d5 2. d4 Bf5 3. c4 e6 4. Nc3 Nc6 5. Bf4 Nf6 6. e3 Bb4 7. Rc1 Ne4 8. Bd3
dxc4 9. Bxc4 Nxc3 10. bxc3 Ba3 11. Rb1 Bxb1 12. Qxb1 Na5 13. Bd3 Bd6 14. Ne5 h6
15. h4 a6 16. Ke2 Qe7 17. Qc2 Nc6 18. Nxc6 bxc6 19. Qa4 O-O 20. Qxc6 Rab8 21.
Kf3 Rb2 22. Qxa6 Bxf4 23. exf4 c5 24. Qa3 Rd2 25. Bb1 Qb7+ 26. Be4 Qb5 27. Re1
f5 28. Bb1 Rb2 29. c4 Qb7+ 30. Kg3 Rxb1 0-1